Cedularios de la monarquía española de Margarita, Nueva Andalucía y Caracas (1553-1604) / (Record no. 42278)
[ view plain ]
| 000 -LEADER | |
|---|---|
| campo de control de longitud fija | 00980nam a2200229 i 4500 |
| 001 - NÚMERO DE CONTROL | |
| campo de control | 42278 |
| 003 - IDENTIFICADOR DE NÚMERO DE CONTROL | |
| campo de control | ES-MaACL |
| 005 - FECHA Y HORA DE LA ÚLTIMA TRANSACCIÓN | |
| campo de control | 20250808085515.0 |
| 007 - CAMPO FIJO DE DESCRIPCIÓN FÍSICA--INFORMACIÓN GENERAL | |
| campo de control de longitud fija | t| |
| 008 - DATOS DE LONGITUD FIJA--INFORMACIÓN GENERAL | |
| campo de control de longitud fija | 030313s1967 ve ||||1| spa d |
| 245 00 - MENCIÓN DEL TÍTULO | |
| Título | Cedularios de la monarquía española de Margarita, Nueva Andalucía y Caracas (1553-1604) / |
| Mención de responsabilidad, etc. | compilación y estudio preliminar por Enrique Otte. |
| 260 ## - PUBLICACIÓN, DISTRIBUCIÓN, ETC. | |
| Lugar de publicación, distribución, etc. | Caracas : |
| Nombre del editor, distribuidor, etc. | Fundación John Boulton, |
| Fecha de publicación, distribución, etc. | 1967 ( |
| Lugar de fabricación/manufactura | Sevilla : |
| Fabricante | Porvenir) |
| 300 ## - DESCRIPCIÓN FÍSICA | |
| Extensión | 2 v., 10 lám. ; |
| Dimensiones | 25 cm. |
| 505 8# - NOTA DE CONTENIDO CON FORMATO | |
| Nota de contenido con formato | Contiene: V. I: Cedulario de Margarita (1553-1604) -- V. II: Cedularios de Nueva Andalucía y Caracas (1568-1604) |
| 650 #0 - PUNTO DE ACCESO ADICIONAL DE MATERIA--TÉRMINO DE MATERIA | |
| Término de materia o nombre geográfico como elemento de entrada | Derecho colonial- |
| Subdivisión geográfica | Venezuela |
| 9 (RLIN) | 200480 |
| 651 #4 - PUNTO DE ACCESO ADICIONAL DE MATERIA--NOMBRE GEOGRÁFICO | |
| Nombre geográfico | Margarita (Venezuela, Isla)- |
| Subdivisión general | Historia- |
| Subdivisión de forma | Fuentes. |
| 9 (RLIN) | 169102 |
| 651 #4 - PUNTO DE ACCESO ADICIONAL DE MATERIA--NOMBRE GEOGRÁFICO | |
| Nombre geográfico | Caracas (Venezuela)- |
| Subdivisión general | Historia- |
| Subdivisión cronológica | S.XVI- |
| Subdivisión general | Fuentes. |
| 9 (RLIN) | 169103 |
| 700 1# - ENTRADA AGREGADA--NOMBRE PERSONAL | |
| Nombre de persona | Otte, Enrique. |
| 9 (RLIN) | 87942 |
| 710 2# - ENTRADA AGREGADA--NOMBRE DE ENTIDAD CORPORATIVA | |
| Nombre de entidad corporativa o nombre de jurisdicción como elemento de entrada | Fundación John Boulton (Caracas) |
| 9 (RLIN) | 4337 |
| 852 ## - LOCALIZACIÓN | |
| Ubicación | ES-MaACL |
| Número de control de estantería | P-1188 |
| Sublocalización o colección | R.63453 |
| Estatus retirado | Estado de pérdida | Estado de daño | No para préstamo | Biblioteca de origen | Biblioteca actual | Ubicación en estantería | Fecha de adquisición | Fuente de adquisición | Total de préstamos | Signatura topográfica completa | Código de barras | Visto por última vez | Precio de reemplazo | Tipo de ítem Koha |
|---|---|---|---|---|---|---|---|---|---|---|---|---|---|---|
| Biblioteca del Ateneo de Madrid | Biblioteca del Ateneo de Madrid | Depósito 2 | 17/01/2008 | P-1188 | 1044493 | 23/02/2023 | 23/02/2023 | Libro impreso |
